000 00380nam a2200145Ia 4500
008 240624s9999 xx 000 0 und d
041 _aeng
082 _a658.319 RAO
100 _aRAO P SUBBA
245 _aESSENTIAL OF HUMAN RESOURCE MANAGEMENT A
250 _a(3rd ed.)
260 _c2008
_aMumbai
_bHimalaya Publishing House
300 _a613 : p. : cm. ; 28
365 _cRS
_b25
999 _c9554
_d9554